[Event "11th KIIT Festival 2018"]
[Site "Bhubaneswar"]
[Date "2018.05.27"]
[Round "4"]
[White "Aditya Mittal"]
[Black "Mozharov, Mikhail"]
[Result "0-1"]
[WhiteElo "2199"]
[BlackElo "2558"]
[Annotator "TA"]
[PlyCount "66"]
[EventDate "2018.??.??"]
[EventType "swiss"]
[EventCountry "IND"]
[SourceTitle "playchess.com"]
[Source "ChessBase"]
[SourceQuality "1"]

{[%evp 17,65,37,34,6,13,0,12,-26,-20,-59,-46,-59,-52,-87,-11,-12,0,0,0,0,23,0,6,14,66,56,225,225,240,239,239,220,191,200,337,337,328,329,337,329,355,359,351,344,532,468,862,858,1225,-29999]} 1. d4 Nf6 2. c4 g6 3. Nc3 Bg7 4. e4 d6 5. Nf3 O-O 6. Be2 Na6 7. O-O e5 8. Be3 c6 9. dxe5 dxe5 {LiveBook: 97 Games} 10. Qc2 {E94: King's Indian: Classical: 6 Be2 e5 7 0-0: Various Black 7th moves} (10. Qxd8 Rxd8 11. Rfd1 Re8 12. Nd2 Bf8 13. a3 Ng4 14. Bg5 f6 15. Bh4 g5 16. Bg3 h5 17. h3 h4 18. Bxh4 Ne3 19. fxe3 gxh4 {1-0 (58) Shchekachev,A (2540)-Maze,S (2615) Orsay 2018}) 10... Qe7 11. Rad1 Nh5 12. Nd2 $146 {The position is equal.} ({Predecessor:} 12. c5 Nxc5 13. Nd5 cxd5 14. Qxc5 Qxc5 15. Bxc5 Rd8 16. exd5 Nf4 17. Bc4 Bg4 {½-½ (73) Ciorica,M (2009)-Costachi,M (2399) Calimanesti Caciulata 2016}) 12... Nf4 13. Bf3 Nc5 14. g3 Nce6 15. Ne2 Nh3+ (15... Nxe2+ $17 16. Bxe2 c5) 16. Kh1 $11 Nd4 17. Bxd4 $1 exd4 18. Bg2 $1 f5 19. f4 $1 {Hoping for e5.} ({Much worse is} 19. Bxh3 d3 $17) 19... fxe4 20. Nxe4 {[%cal Bd2e4,Be4g5,Bg5e6][%mdl 32]} Bg4 ({Black should try} 20... c5 $11) 21. Rde1 $14 g5 $2 {[#]} ({Black should play} 21... Bf5 $14) 22. Ng1 $1 $18 Qd7 23. Bxh3 ({Not} 23. fxg5 d3 $11) 23... Bxh3 24. Nxh3 Qxh3 25. Nxg5 $40 {[%mdl 128] White goes for the king.} Qh5 (25... Qf5 $142 26. Qb3 Rab8) 26. Ne6 Rf7 27. f5 Kh8 28. Qd3 Qh6 29. g4 Bf6 30. Rf3 {Black must now prevent Rh3.} Qh4 (30... Bh4 $142) 31. Rg1 {Threatens to win with g5.} Rg8 {[#]} (31... Be5 $142 32. Qe2 Bg7) 32. g5 $1 {[%mdl 512]} Be5 (32... Bxg5 33. Rh3) 33. g6 $4 {[%mdl 8192]} (33. Rh3 $18 Qf2 34. g6) 33... Qxh2# {Precision: White = 67%, Black = 38%.} 0-1

[Event "11th KIIT Festival 2018"]
[Site "Bhubaneswar"]
[Date "2018.05.27"]
[Round "4"]
[White "Ajay Karthikeyan"]
[Black "Das, Sayantan"]
[Result "0-1"]
[WhiteElo "2189"]
[BlackElo "2437"]
[Annotator "TA"]
[PlyCount "114"]
[EventDate "2018.??.??"]
[EventType "swiss"]
[EventCountry "IND"]
[SourceTitle "playchess.com"]
[Source "ChessBase"]
[SourceQuality "1"]

{[%evp 15,114,-24,2,-22,-21,-31,-17,-45,-39,-43,-45,-45,-47,-82,-44,-45,-35,-48,-49,-35,-40,-51,-42,-73,-63,-121,-126,-129,-122,-125,-106,-116,-126,-116,-82,-126,-109,-197,-170,-284,-272,-254,-264,-446,-215,-202,-196,-216,-188,-193,-196,-189,-187,-183,-182,-189,-192,-319,-301,-556,-556,-953,-947,-946,-929,-915,-885,-822,-550,-535,-438,-548,-527,-1430,-405,-471,-472,-695,-637,-634,-658,-661,-628,-652,-644,-631,-635,-704,-685,-883,-852,-2789,-2613,-29981,-29982,-29982,-29983,-29983,-29984,-29984,-29984]} 1. d4 d5 2. Bf4 Nf6 3. e3 c5 4. c3 Nc6 5. Nd2 Bf5 6. Qb3 {D00: 1 d4 d5: Unusual lines} (6. Ngf3 e6 7. Be2 Bd6 8. dxc5 Bxc5 9. Nd4 Bg6 10. Qa4 O-O 11. Nxc6 bxc6 12. Qxc6 Rc8 13. Qa4 Re8 14. O-O e5 {0-1 (57) Le,Q (2737)-Ding,L (2777) Riadh 2017}) 6... Qc8 7. Ngf3 e6 8. h3 h6 {LiveBook: 4 Games} 9. Ne5 c4 10. Qa4 a6 11. Nxc6 {Threatens to win with Ne5+.} b5 (11... bxc6 $6 12. b3 $14) 12. Qd1 $146 {And now Ne5 would win.} ({Predecessor:} 12. Qa5 Qxc6 {0-1 (32) Pospisil,E (2145)-Loeffler,S (2412) Porto Mannu 2009}) 12... Qxc6 13. g4 Bh7 14. Bg2 Bd6 15. Bxd6 Qxd6 16. f4 Bd3 17. Bf1 Bg6 18. Bg2 O-O 19. O-O b4 20. h4 (20. Rf2 $15) 20... bxc3 21. bxc3 h5 $36 {[%mdl 2048] Black has strong initiative.} 22. gxh5 Nxh5 23. Bf3 Ng3 24. Rf2 Qa3 25. h5 Bd3 $1 (25... Qxc3 26. hxg6 Qxe3 27. gxf7+ Rxf7 28. Nxc4 $1 $14 {[%mdl 512]}) 26. h6 (26. Qc1 $17 Qxc1+ 27. Rxc1) 26... g6 27. Rc1 (27. Qc1 {keeps fighting.} Qxc1+ 28. Rxc1) 27... Rab8 $19 28. Qe1 Kh7 29. Rh2 $2 (29. Kg2 Nh5 30. f5) 29... Rb2 (29... g5 $142 30. f5 (30. fxg5 $2 Rg8 $19) 30... g4) 30. Rd1 Nf5 31. e4 dxe4 32. Nxe4 Bxe4 (32... Rxa2 33. Ng5+ Kg8 34. h7+ Kh8 {[#]} 35. Nxf7+ $1 {[%mdl 512]} Rxf7 36. Qe5+ Ng7 37. Qb8+ Rf8 38. Rxa2 $16) 33. Bxe4 Rxh2 ({Much less strong is} 33... Nxh6 34. Bc2 $15) ({Don't play} 33... Rxa2 34. Rxa2 Qxa2 35. Ra1 $17) 34. Kxh2 Nxh6 ({Don't do} 34... Kxh6 35. Bxf5 exf5 36. Kg3 $15) 35. Kg3 Kg7 36. Bb1 (36. d5 {might work better.}) 36... Ng8 37. f5 $2 (37. Be4) 37... exf5 38. Qe3 Nf6 {Hoping for ...f4+!} 39. Rh1 Ng4 40. Qd2 Qd6+ 41. Qf4 Qxf4+ 42. Kxf4 {[%mdl 4096] Endgame KRB-KRN} Nf6 43. Ke5 Rd8 44. a4 Rd5+ (44... g5 $142 {[%csl Gf6][%cal Rd8d5]} 45. Rh7+ Nxh7 46. Kxf5 Rd5+ 47. Kg4 Nf6+ 48. Kf3 Ra5) 45. Kf4 Ra5 46. Ke3 (46. Bc2 $142 Nd5+ 47. Kf3) 46... Rxa4 47. d5 Nxd5+ 48. Kd4 Nf4 49. Rh2 Ne6+ 50. Kd5 Nc7+ 51. Kc5 Nb5 52. Bc2 Ra2 53. Kxc4 {[#]} Rxc2 $1 54. Rxc2 Na3+ {Black mates.} 55. Kb3 Nxc2 56. Kxc2 Kf6 57. c4 Ke5 {Precision: White = 35%, Black = 73%.} 0-1

[Event "11th KIIT Festival 2018"]
[Site "Bhubaneswar"]
[Date "2018.05.28"]
[Round "5"]
[White "Rozum, Ivan"]
[Black "Laxman, R R"]
[Result "1/2-1/2"]
[WhiteElo "2581"]
[BlackElo "2444"]
[Annotator "TA"]
[PlyCount "63"]
[EventDate "2018.??.??"]
[EventType "swiss"]
[EventCountry "IND"]
[SourceTitle "playchess.com"]
[Source "ChessBase"]
[SourceQuality "1"]

{[%evp 12,63,0,0,9,1,16,0,-21,-22,8,0,0,0,0,0,0,-9,0,0,0,0,0,0,0,0,0,0,0,0,0,0,0,0,0,0,0,-4,-2,-4,0,0,0,0,0,0,0,0,0,-16,0,0,0,-3]} 1. Nf3 Nf6 2. c4 e6 3. Nc3 d5 4. d4 {[%cal Bd2d4,Bd4c5][%mdl 32]} Bb4 5. e3 O-O 6. Bd3 b6 7. O-O {The position is equal.} Ba6 {E52: Nimzo-Indian: Rubinstein: 4...0-0 5 Nf3 d5 6 Bd3 b6} 8. Qe2 c5 9. dxc5 Bxc3 (9... Nbd7 10. cxd5 Bxd3 11. Qxd3 Nxc5 12. Qb5 Bxc3 13. dxe6 fxe6 14. bxc3 Nfe4 15. Nd4 {½-½ (49) Mamedyarov,S (2799)-Bocharov,D (2583) Riadh 2017}) 10. bxc3 dxc4 11. Bxc4 Bxc4 12. Qxc4 Qc7 13. Qa4 $146 ({Predecessor:} 13. Qb5 bxc5 14. c4 Nbd7 15. Bd2 {1-0 (73) Pogonina,N (2457)-Kashlinskaya,A (2448) Sochi 2018}) 13... bxc5 14. Qc2 Nbd7 15. c4 Rab8 16. Bb2 Qb7 17. Rab1 {[#] Strongly threatening Bxf6.} Qe4 18. Rfc1 Qxc2 19. Rxc2 Ne4 20. Nd2 Nxd2 21. Rxd2 Ne5 22. Rc1 Nd3 23. Rxd3 Rxb2 $11 {[%mdl 4096] Endgame KRR-KRR} 24. Ra3 Rd8 25. Rxa7 h6 26. a4 Rc2 {[%cal Rc2c1] [#]} 27. Rf1 Rxc4 28. a5 Ra4 29. g3 c4 30. a6 c3 31. Rc7 Rxa6 32. Rxc3 {Precision: White = 63%, Black = 84%.} 1/2-1/2

[Event "11th KIIT Festival 2018"]
[Site "Bhubaneswar"]
[Date "2018.05.28"]
[Round "5"]
[White "Mozharov, Mikhail"]
[Black "Akash Pc, Iyer"]
[Result "1/2-1/2"]
[WhiteElo "2558"]
[BlackElo "2432"]
[Annotator "TA"]
[PlyCount "80"]
[EventDate "2018.??.??"]
[EventType "swiss"]
[EventCountry "IND"]
[SourceTitle "playchess.com"]
[Source "ChessBase"]
[SourceQuality "1"]

{[%evp 12,80,53,34,57,54,60,44,99,95,105,94,116,100,137,133,133,75,88,70,74,64,70,68,72,64,68,54,55,54,60,58,79,73,66,66,144,137,136,41,41,39,31,6,0,0,35,43,60,0,18,37,45,0,0,0,0,0,0,0,0,0,0,0,0,0,0,0,0,0,0]} 1. d4 Nf6 2. c4 g6 3. Nc3 Bg7 4. e4 d6 5. f3 O-O 6. Be3 Nc6 7. Nge2 {LiveBook: 1525 Games} Na5 {E83: King's Indian: Sämisch Panno (6...Nc6): Lines without either Nge2 or Qd2} (7... a6 8. Qd2 Na5 9. b3 b5 10. cxb5 axb5 11. Rc1 c6 12. Ng3 h5 13. Bd3 e5 14. Nge2 b4 15. Na4 exd4 16. Bxd4 {0-1 (23) Topalov,V (2760)-Nakamura,H (2779) Saint Louis 2016}) 8. Ng3 Nd7 9. Qd2 Nc6 $146 (9... h5 $14) ({Predecessor:} 9... c5 10. dxc5 Ne5 11. b3 dxc5 12. Rd1 Qxd2+ 13. Bxd2 h5 14. Be2 Nec6 15. Nd5 {0-1 (38) Andersen,L (2090)-Mayer,R (2276) ICCF email 2003}) 10. d5 $16 Nce5 11. Be2 Nf6 12. O-O e6 13. Bg5 Ned7 14. Nh1 ({Better is} 14. h4) 14... a5 15. Nf2 Nc5 16. Nd3 (16. b3 {is interesting.} Bd7 17. Rab1 Qe8 18. Be3 b6 19. Bd1) 16... Nxd3 17. Bxd3 e5 18. Bc2 Bd7 19. a3 a4 20. Rae1 Qb8 21. Be3 b6 22. Kh1 Nh5 23. g3 f5 (23... b5 $14) 24. exf5 gxf5 25. f4 ({White should play} 25. g4 $16 Nf4 26. Bxf4 exf4 27. gxf5) 25... e4 $14 26. g4 Bxc3 $1 27. Qxc3 fxg4 28. Bxe4 {f5 is the strong threat.} Qc8 29. Rg1 Bf5 30. Bd4 (30. Qc2 $14) 30... Bxe4+ 31. Rxe4 {[#] And now f5 would win.} Qf5 $1 {[%cal Rf5e4]} 32. Qf3 Kf7 $1 {The position is equal.} 33. Rxg4 {Hoping for Rg5.} Rg8 34. Rxg8 Rxg8 35. Qe2 $36 {[%mdl 2048] [#] aiming for Re7+. Black is under pressure.} Ng3+ 36. hxg3 {White wants to mate with Re7+.} Qh3+ 37. Qh2 Qf1+ 38. Bg1 Qf3+ 39. Qg2 Qh5+ 40. Bh2 Qd1+ {Precision: White = 58%, Black = 56%.} 1/2-1/2

[Event "11th KIIT Festival 2018"]
[Site "Bhubaneswar"]
[Date "2018.05.28"]
[Round "5"]
[White "Ghosh, Diptayan"]
[Black "Rathnakaran, K."]
[Result "1-0"]
[WhiteElo "2536"]
[BlackElo "2377"]
[Annotator "TA"]
[PlyCount "121"]
[EventDate "2018.??.??"]
[EventType "swiss"]
[EventCountry "IND"]
[SourceTitle "playchess.com"]
[Source "ChessBase"]
[SourceQuality "1"]

{[%evp 23,121,25,98,61,63,48,56,63,63,83,77,87,84,61,61,61,61,61,59,64,76,77,79,87,147,114,182,182,192,196,189,181,222,233,224,125,180,115,294,289,271,282,257,252,493,496,489,469,568,219,287,292,233,218,213,202,219,219,219,218,209,214,212,201,226,226,175,177,292,221,292,292,292,292,289,206,289,289,224,148,362,330,318,303,292,188,292,292,292,285,285,26,286,286,311,313,373,373,1966,1648]} 1. d4 Nf6 2. c4 c5 3. d5 e6 4. Nc3 exd5 5. cxd5 d6 6. Nf3 a6 7. a4 g6 8. Bf4 Bg7 9. h3 O-O 10. e3 Ne8 {A61: Modern Benoni: Nf3 without early e4} (10... Qe7 11. Bd3 Nbd7 12. O-O Ne8 13. e4 Rb8 14. Re1 Nc7 15. Qd2 Ne5 16. Nxe5 Bxe5 17. Bxe5 Qxe5 18. a5 {1-0 (42) Akobian,V (2647)-Ponkratov,P (2613) Riadh 2017}) 11. Be2 Nd7 12. O-O h6 {LiveBook: 8 Games} (12... Ne5 $11) 13. Bh2 f5 14. Nd2 b6 $146 ({Predecessor:} 14... Ne5 15. f4 Nf7 16. g4 Nf6 17. Bf3 Qb6 18. Nc4 {1-0 (30) Schmid,R (2171)-Schindler,V (2151) Bad Koenigshofen 2010}) 15. Nc4 Qe7 16. Ra3 Rb8 17. Rb3 Rf6 18. e4 f4 $1 19. Bg4 Ne5 {White must now prevent ...Bxg4.} 20. Bxc8 (20. Nxb6 Bxg4 21. hxg4 Rf8 $15) 20... Rxc8 21. Nxb6 Rd8 22. Nb1 g5 23. Nd2 Rg6 (23... Rf8 $142) 24. Re1 Qf7 (24... Nf6 $16 25. Nbc4 Nfd7) 25. Nbc4 $18 g4 26. hxg4 $1 Nxg4 27. Nf3 Nxh2 28. Nxh2 Bd4 29. Kf1 (29. Nf3 $18) 29... Nf6 $16 {and if ...Nxd5 works, Black does fine.} 30. Nf3 (30. Qf3 $1 $18) 30... Qd7 $2 (30... Qg7 $16 {keeps fighting.}) 31. Nxd4 $18 cxd4 32. e5 (32. Qxd4 $6 Qg4 $16) 32... Nxd5 33. Nxd6 Ne3+ $2 (33... Qe6 {was worth a try.} 34. Rh3 (34. Qxd4 Ne3+ 35. Rexe3 fxe3 $18) 34... Nb4) 34. fxe3 fxe3 35. Kg1 Qc6 {[%csl Gg6][%cal Rc6g2]} 36. Qe2 $2 (36. Re2) 36... Qd5 37. Qc2 Rg7 {Now ...Kh8 and Black clings on.} 38. Rd3 Qxe5 39. Nc4 (39. Qc4+ $6 Kh7 $16) 39... Qg5 40. Nxe3 {Qc4+ is the strong threat.} dxe3 41. Rxd8+ (41. Rexe3 $6 Rxd3 42. Rxd3 a5 $16) ({Don't play} 41. Rdxe3 $6 Qg6 $16) 41... Qxd8 {[%mdl 4096] Endgame KQR-KQR} 42. Qb3+ ({Resist} 42. Rxe3 $6 Qd4 $16) 42... Kh7 {( -> ...Qd2)} 43. Qxe3 ({Don't do} 43. Rxe3 $6 a5 $16) 43... Qd5 {[%csl Gg7][%cal Rd5g2] [#]} 44. Qe4+ $1 Qxe4 45. Rxe4 {KR-KR} Rb7 (45... a5 {was necessary.} 46. Re5 Ra7) 46. b4 Rb6 47. Kf2 Kg6 48. Ke3 h5 49. Kf3 Kf5 (49... Kf7 $142 50. Rh4 Ke8) 50. Rc4 Kg6 51. Ke4 Kg5 $2 (51... Kf7 $16 52. Kd4 Rg6) 52. Kd3 h4 53. Kc3 Kh5 54. Kd4 Rb8 (54... Rd6+ {is a better defense.} 55. Ke3 Rd1) 55. Ke3 Kg5 56. Kf2 Rd8 57. Rc2 $2 (57. a5 $18) 57... Rf8+ $2 {[%mdl 8192]} (57... Rd4 $11 {and Black has nothing to worry.}) 58. Kg1 Kg4 59. Kh2 Rf4 60. Rb2 a5 $2 {[#]} (60... Rf6 61. b5 axb5) 61. b5 $1 {Precision: White = 59%, Black = 31%.} 1-0

[Event "11th KIIT Festival 2018"]
[Site "Bhubaneswar"]
[Date "2018.05.28"]
[Round "5"]
[White "Debashis, Das"]
[Black "Sammed Jaykumar, Shete"]
[Result "1-0"]
[WhiteElo "2522"]
[BlackElo "2375"]
[Annotator "TA RC"]
[PlyCount "97"]
[EventDate "2018.??.??"]
[EventType "swiss"]
[EventCountry "IND"]
[SourceTitle "playchess.com"]
[Source "ChessBase"]
[SourceQuality "1"]

{[%evp 9,97,12,44,27,35,35,41,39,26,21,39,32,36,34,43,34,34,19,46,37,45,31,33,41,54,48,64,55,54,51,60,41,46,37,97,106,158,117,107,123,189,127,210,159,205,190,210,200,240,221,193,224,187,204,376,115,264,118,135,124,216,220,214,197,282,206,1925,1959,1302,1267,1027,2095,626,629,592,602,12822,5681,29988,29989,29994,6430,6311,6311,6187,6179,5393,5265,2232,2142]} 1. Nf3 Nf6 2. c4 g6 3. d4 Bg7 4. Qc2 c5 (4... O-O 5. Bg5 d5 6. e3 c5 7. Nc3 cxd4 8. Nxd4 Nc6 9. Rd1 Nxd4 10. Rxd4 Be6 11. Rd2 Qa5 12. Bxf6 Bxf6 13. cxd5 {0-1 (21) Matyunin,M (2261)-Golubov,S (2484) Moscow 2018}) 5. d5 d6 6. Nc3 {E60: King's Indian: Unusual lines and Fianchetto Variation without Nc3} O-O 7. e4 e6 8. Be2 {White is slightly better.} exd5 9. cxd5 Bg4 10. O-O Bxf3 11. Bxf3 Nbd7 12. Bf4 $146 ({Predecessor:} 12. g3 Ne5 13. Bg2 c4 14. Ne2 Rc8 15. Be3 Re8 16. Nf4 Nfd7 17. Bxa7 b6 {½-½ (59) Ski,J (1771)-Larsen,U (1971) Helsingor 2017}) 12... Qe7 13. Rfe1 Ne8 {[%cal Bf6e8,Be8c7,Bc7a6,Ba6b4][%mdl 32]} 14. Be2 Nc7 15. Bf1 Rab8 16. a4 $36 {[%mdl 2048] White has good play.} Ne5 17. Bg3 Na6 18. Qd2 Nb4 19. f4 Nd7 20. Kh1 a6 21. Rad1 Rfe8 ({Better is} 21... Rbe8 $14) 22. e5 $1 $16 {[%cal Be4e5,Be5e6][%mdl 32]} Rbd8 (22... f5 $142) 23. e6 Nf6 24. Bh4 Qf8 (24... fxe6 $16 25. Rxe6 (25. dxe6 d5 $14) 25... Qf8) 25. Bc4 (25. f5 $1 $18) 25... Kh8 (25... fxe6 $16 {was called for.} 26. dxe6 (26. Rxe6 Rxe6 27. dxe6 d5 $16) 26... d5) 26. Qf2 fxe6 27. dxe6 Rc8 28. h3 Nc6 29. f5 Ne5 30. Rxe5 dxe5 {[#]} 31. fxg6 $1 Rc6 $2 (31... Rcd8 {might work better.}) 32. Rf1 $2 (32. Bg5 $18 {and White stays clearly on top.}) 32... Rcxe6 (32... Rexe6 $16 33. Bxe6 Rxe6) 33. Bxe6 (33. Bg5 $18 {is more deadly.} Rd6 34. b3 (34. Qxc5 Rc6 $17)) 33... Rxe6 34. gxh7 Nxh7 (34... e4 $16) 35. Qe2 $18 Qe8 36. Ne4 Qc6 (36... Qg6 {keeps fighting.} 37. Nxc5 Rc6) 37. Qg4 {aiming for Rd1.} Re8 $2 (37... Rg6 38. Qf5 Qe6 39. Nxc5 Qxf5 40. Rxf5 Rb6) 38. Qh5 Kg8 39. Nd6 Rf8 40. Rxf8+ Nxf8 41. Qf7+ Kh7 42. Be7 Qd7 {Black hopes to continue with ...Qe6.} 43. Ne4 {White threatens Nf6+ and mate.} Qd1+ 44. Kh2 Nd7 45. Bf6 (45. Ng5+ $142 Kh8 46. Qe8+ Nf8 {[#]} 47. Bf6 $1 {[%mdl 512]} Qh1+ 48. Kxh1 Kg8 49. Qf7+ Kh8 50. Bxg7#) 45... Nxf6 {White is clearly winning.} 46. Nxf6+ Kh6 47. Ng4+ Kh7 48. Qh5+ Kg8 {[#]} 49. Nf6+ $1 {[%mdl 512] Precision: White = 51%, Black = 29%.} 1-0

[Event "11th KIIT Festival 2018"]
[Site "Bhubaneswar"]
[Date "2018.05.28"]
[Round "5"]
[White "Tran, Tuan Minh"]
[Black "Patil, Pratik"]
[Result "1-0"]
[WhiteElo "2512"]
[BlackElo "2259"]
[Annotator "TA"]
[PlyCount "79"]
[EventDate "2018.??.??"]
[EventType "swiss"]
[EventCountry "IND"]
[SourceTitle "playchess.com"]
[Source "ChessBase"]
[SourceQuality "1"]

{[%evp 9,79,15,18,10,21,18,24,18,33,22,52,52,70,68,66,0,47,33,44,0,52,62,68,69,77,62,168,164,159,160,195,194,181,181,299,305,308,303,321,318,317,308,314,314,312,310,307,309,398,387,352,307,299,293,291,304,297,300,427,425,418,404,402,402,485,424,568,561,554,549,518,482]} 1. d4 Nf6 2. Bg5 g6 3. Nc3 d5 4. Qd2 Bg7 5. O-O-O O-O 6. f3 {D01: Damenbauernspiele (Richter-Weressow)} c5 7. dxc5 Nc6 $146 ({Vorgänger:} 7... Qa5 8. Kb1 Nc6 9. e4 d4 10. Nb5 Qxd2 11. Rxd2 Nd7 12. Ne2 e5 {1-0 (34) Hector,J (2516)-Howell,D (2348) St Helier 2005}) 8. Bxf6 {Weiß hat minimalen Vorteil.} Bxf6 9. Nxd5 Bd4 10. e4 e6 11. Ne2 Bg7 12. Ndf4 (12. Ne3 $14) 12... Qxd2+ (12... Qe7 {looks sharper.} 13. Qd6 Qh4 14. Qd2 Qe7) 13. Rxd2 Bh6 14. a3 f5 ({Lieber} 14... Na5 $11) 15. exf5 $1 $14 Rxf5 16. Nd3 $1 (16. g3 e5 $17) 16... Bxd2+ 17. Kxd2 Ne5 (17... Kg7 $14) 18. Ng3 $18 Nxd3 19. Nxf5 {Schwarz muss nun Se7+ beachten.} ({Nicht} 19. Bxd3 Rxc5 20. Ne4 Ra5 $11) 19... Nxb2 20. Nd6 {Lb5 ist eine echte Drohung.} Na4 {[#]} 21. Ne4 $1 {Und weiter mit Lb5 wäre nett.} Kg7 (21... Kf8 $142 22. Bb5 Bd7) 22. Bb5 Bd7 23. Rb1 ({Jedoch nicht} 23. Bxd7 Rd8 $18) 23... Rd8 {Und ...Lxb5+ würde nun gewinnen.} 24. Ke3 Bxb5 25. Rxb5 {[%mdl 4096] Endspiel KTS-KTS} b6 26. c6 {[%cal Bc5c6,Bc6c7][%mdl 32]} Rc8 27. Rb4 Nc5 28. Nxc5 bxc5 {KT-KT} 29. Rb7+ Kf6 30. c7 ({Bloß nicht} 30. Rxa7 Rxc6 31. a4 h5 $18) 30... a6 31. Kd3 Ke5 32. Kc4 Kd6 33. Ra7 e5 (33... Kc6 $142 34. Rxa6+ Kxc7 35. Rxe6 Kd7) 34. Rxa6+ Kxc7 35. Ra7+ Kd6 36. Rxh7 Ra8 37. Rg7 {Weiß steht klar auf Gewinn.} Rxa3 38. Rxg6+ Ke7 39. Kxc5 Kf7 40. Rg4 {Precision: Weiß = 80%, Schwarz = 49%.} 1-0

[Event "11th KIIT Festival 2018"]
[Site "Bhubaneswar"]
[Date "2018.05.28"]
[Round "5"]
[White "Rahman, Ziaur"]
[Black "Ravi, Teja S"]
[Result "1/2-1/2"]
[WhiteElo "2495"]
[BlackElo "2338"]
[Annotator "TA"]
[PlyCount "46"]
[EventDate "2018.??.??"]
[EventType "swiss"]
[EventCountry "IND"]
[SourceTitle "playchess.com"]
[Source "ChessBase"]
[SourceQuality "1"]

{[%evp 18,46,8,2,27,21,33,27,25,25,17,0,0,6,1,-9,0,-23,-10,-31,18,6,37,21,40,16,347,345,608,63,80]} 1. Nf3 d5 2. d4 Nf6 3. Bf4 g6 4. e3 Bg7 5. Be2 O-O 6. O-O c5 7. c3 b6 {D02: Damenbauernspiele} (7... Nc6 8. Nbd2 Nd7 9. Qb3 c4 10. Qa3 b5 11. e4 Nb6 12. Qc5 dxe4 13. Nxe4 Qd5 14. Qxd5 Nxd5 15. Bg3 {1-0 (76) Artemiev,V (2691)-Ding,L (2777) Huaian 2017}) 8. a4 Nc6 9. h3 Nd7 10. Nbd2 {LiveBook: 3 Partien} e5 11. dxe5 Ndxe5 12. Nxe5 Nxe5 13. Nf3 Nc6 14. Qb3 $146 ({Vorgänger:} 14. Qc2) 14... h6 15. Rad1 Be6 16. Ba6 Qe7 17. Qa3 Rad8 18. Bb5 Qb7 19. b4 $36 {[%mdl 2048] Weiss hat Initiative.} a6 20. Be2 Qa7 21. a5 {[#] Schwarz muss nun axb6 beachten.} Nxb4 $2 {[%mdl 8192]} (21... cxb4 $11 {und Schwarz steht sicher.} 22. cxb4 b5) 22. cxb4 $18 g5 $2 (22... c4 23. Nd4 Qb7) 23. Rc1 $2 (23. axb6 $18 Qa8 24. Bc7) 23... gxf4 {Precision: Weiß = 47%, Schwarz = 40%.} 1/2-1/2

[Event "11th KIIT Festival 2018"]
[Site "Bhubaneswar"]
[Date "2018.05.28"]
[Round "5"]
[White "Visakh N R"]
[Black "Aditya Mittal"]
[Result "1-0"]
[WhiteElo "2467"]
[BlackElo "2199"]
[Annotator "TA"]
[PlyCount "61"]
[EventDate "2018.??.??"]
[EventType "swiss"]
[EventCountry "IND"]
[SourceTitle "playchess.com"]
[Source "ChessBase"]
[SourceQuality "1"]

{[%evp 11,61,1,19,6,15,15,21,25,23,15,15,12,13,8,11,0,6,0,0,-6,4,-19,61,52,69,62,108,116,114,104,111,109,157,158,145,153,144,141,181,180,145,145,145,124,141,104,174,168,182,170,206,161]} 1. d4 d5 2. c4 c6 3. Nf3 Nf6 4. e3 Bg4 5. Nc3 e6 6. Qb3 Qc7 7. Nh4 {D11: Slav Defence: 3 Nf3 sidelines and 3...Nf6 4 e3 Bg4} Be7 8. h3 Bh5 9. g4 {[%cal Bg2g4,Bg4g5][%mdl 32] The position is equal.} Bg6 10. Nxg6 hxg6 11. g5 (11. Bg2 Nbd7 12. cxd5 exd5 13. Qc2 Bd6 14. Bd2 O-O-O {0-1 (28) Dreev,A (2653)-Korobov,A (2652) Riadh 2017}) 11... dxc4 $146 ({Predecessor:} 11... Nfd7 12. f4 dxc4 13. Qxc4 Nb6 14. Qb3 N8d7 {1-0 (66) Malek,D (2354)-Ortmann,D (2342) Esslingen 2012}) 12. Qxc4 Nd5 13. e4 $36 {[%mdl 2048] White is pushing.} Nb6 14. Qb3 Rh4 15. Be3 N8d7 16. Rc1 Rd8 ({Better is} 16... e5 $11) 17. Bg2 $1 $14 Qb8 18. O-O Bd6 19. Ne2 Kf8 20. f4 {Hoping for f5.} Kg8 21. a4 a5 22. d5 Nxd5 23. exd5 exd5 24. Bf2 Rh7 25. Qf3 Re8 26. b3 Nf8 27. Kh1 Ne6 28. Bg1 Re7 (28... Qd8 $16 {keeps fighting.} 29. Qg4 Qe7) 29. Qg4 $18 {White is clearly better.} Rh5 30. Rce1 Bb4 31. Rd1 {Precision: White = 68%, Black = 35%.} 1-0